Statistics for Ultimate Geography by Letter - A

Click here to take the quiz!

General Stats

  • This quiz has been taken 114 times
  • The average score is 42 of 95

Answer Stats

HintAnswer% Correct
CountriesAustralia
95%
CountriesAzerbaijan
94%
OceansAtlantic
92%
CountriesAustria
92%
CountriesArmenia
90%
CountriesAfghanistan
89%
US StatesAlaska
89%
CountriesAlbania
89%
OceansArctic
89%
CountriesArgentina
89%
CountriesAlgeria
88%
CountriesAndorra
88%
CountriesAngola
86%
US StatesArizona
86%
RiversArkansas
85%
US StatesArkansas
85%
US StatesAlabama
84%
CountriesAntigua and Barbuda
83%
Mountain RangesAlps
80%
LakesAlbert
78%
Mountain RangesAndes
78%
Canadian ProvincesAlberta
76%
RiversAmazon
75%
LanguagesArabic
75%
SeasAdriatic
69%
World CapitalsAmsterdam
68%
World CapitalsAlgiers
67%
SeasAegean
65%
SeasArabian
65%
PeninsulasArabian
65%
DesertsArabian
65%
World CapitalsAccra
62%
World CapitalsAddis Ababa
62%
World CapitalsAnkara
61%
World CapitalsAbuja
60%
World CapitalsAthens
60%
World CapitalsAndorra la Vella
59%
US State CapitalsAtlanta
59%
World CapitalsAsuncion
57%
US State CapitalsAustin
56%
World CapitalsAbu Dhabi
55%
World CapitalsAntananarivo
55%
US State CapitalsAlbany
54%
World CapitalsApia
54%
World CapitalsAmman
53%
World CapitalsAsmara
52%
GulfsAden
48%
RiversAmur
48%
World CapitalsAshgabat
46%
Mountain RangesAtlas
45%
Mountain RangesAppalachian
44%
IslandsAruba
43%
DesertsAtacama
43%
US State CapitalsAnnapolis
42%
US State CapitalsAugusta
42%
MountainsAconcagua
35%
SeasAral
33%
SeasAndaman
32%
LanguagesAmharic
31%
US TerritoriesAmerican Samoa
27%
LanguagesAzerbaijani
27%
Mountain RangesApennines
25%
MountainsArarat
25%
SeasAzov
22%
Brazilian StatesAmazonas
15%
Brazilian StatesAcre
14%
SeasAlboran
14%
SeasArafura
14%
IslandsAland
13%
PeninsulasAlaskan
11%
Mountain RangesAlaskan
11%
PeninsulasAnatolia
11%
Mountain RangesAltai
9%
RiversAmu Darya
9%
RiversAthabasca
9%
LakesAthabasca
9%
Brazilian StatesAlagoas
8%
Brazilian StatesAmapa
8%
GulfsAqaba
8%
RiversAnadyr
5%
MountainsAoraki
4%
IslandsAxel Heiberg
4%
IslandsAlexander
3%
IslandsAnticosti
3%
Brazilian State CapitalsAracaju
3%
SeasArgentine
3%
SeasAmundsen
2%
PeninsulasAcadian
1%
RiversAlazeya
1%
RiversAldan
1%
LakesAmadjuak
1%
RiversAngara
1%
RiversAraguaia
1%
LanguagesAwadhi
1%
RiversAyeyarwady
1%

Score Distribution

Percentile by Number Answered

Percent of People with Each Score

Your Score History

You have not taken this quiz